[Event "Michigan Open Reserve"]
[Site "Lansing, MI"]
[Date "2002.08.30"]
[Round "1.14"]
[White "Homa, Seth"]
[Black "Anderson, Neal"]
[Result "1-0"]
[WhiteElo "1609"]
[BlackElo "1355"]
[Annotator "Tim McGrew"]
[PlyCount "57"]
[EventDate "2002.08.30"]

{Sicilian: Chekhover} 1. e4 c5 2. Nf3 d6 3. d4 cxd4 4. Qxd4 $5 {The Hungarian
Variation is an excellent practical choice for those who want to take their
opponents out of the main lines quickly. White must give up the bishop pair,
but his development is very simple and straightforward and Black must adjust
his thinking from all of those Najdorf and Dragon plans.} Nc6 5. Bb5 Bd7 6.
Bxc6 bxc6 7. O-O c5 8. Qd3 e6 {Now the d-pawn becomes a potential target.} 9.
Bf4 Qb6 10. Nc3 $5 {Boldly offering the b-pawn.} Rd8 {Black prudently declines.
} (10... Qxb2 11. Rab1 Qa3 12. Bxd6 Bxd6 13. Qxd6 Qxc3 14. Rfd1 Rd8 15. Rb8 $3
$18) 11. Rfd1 Bc8 12. Nb5 Ba6 13. c4 (13. a4 {might be a slightly better form
of the same idea, daring Black to open the a-file when Ra6 might be awkward.})
13... Bxb5 14. cxb5 d5 $6 ({There is a reason for general principles like "Do
not open the center when your opponent is better developed." Black needs to
pay attention to his own king-side, and} 14... Nf6 {would not be a bad way to
start.}) 15. exd5 Rxd5 16. Qe2 Ne7 17. a4 Rxd1+ 18. Rxd1 Nf5 19. Qd3 Be7 {Now
he wants to castle, but it is too late.} 20. Qd7+ Kf8 21. Qc8+ Bd8 22. Bc7 {
This is certainly good enough to win, but White could have saved himself some
time with a little exact calculation:} (22. Rxd8+ Ke7 23. Bg5+ $1 {forces
Black to block his exit with} f6 {, allowing} 24. Qd7#) 22... g6 {You might
want to close your eyes now if you don't like blood.} 23. Bxb6 Nd4 24. Bxd8
Ne2+ 25. Kf1 Ng3+ 26. hxg3 Kg7 27. Bf6+ Kh6 28. Ke2 {A cute finish.} Rxc8 29.
Rh1# 1-0

[Event "Michigan Open Reserve"]
[Site "Lansing, MI"]
[Date "2002.08.30"]
[Round "1.16"]
[White "Grzegorczyk, Ron"]
[Black "Hodge, Larry"]
[Result "0-1"]
[WhiteElo "1578"]
[BlackElo "1339"]
[PlyCount "98"]
[EventDate "2002.08.30"]

1. e4 e5 2. Nf3 Nc6 3. Bb5 a6 4. Ba4 d6 5. c3 Bd7 6. O-O Nf6 7. Re1 Be7 8. d4
exd4 9. cxd4 O-O 10. Bc2 h6 11. Bd2 Re8 12. Bc3 Bg4 13. Nbd2 b5 14. a3 a5 15.
b4 d5 16. e5 Nd7 17. bxa5 Nxa5 18. h3 Be6 19. Qb1 c6 20. a4 bxa4 21. Rxa4 Nc4
22. Nxc4 dxc4 23. Nd2 Rxa4 24. Bxa4 Qc7 25. Qe4 Bd5 26. Qg4 Be6 27. Qg3 Ra8 28.
Bd1 Qd8 29. Qe3 Nb6 30. Bf3 Nd5 31. Bxd5 cxd5 32. f4 g6 33. g4 Kh7 34. Qf3 Qg8
35. Kh2 Ra2 36. Re2 Bh4 37. f5 gxf5 38. gxf5 Qg3+ 39. Qxg3 Bxg3+ 40. Kxg3 Bxf5
41. h4 Rc2 42. Re3 h5 43. Kf4 Kg6 44. Rg3+ Bg4 45. Bb4 Rb2 46. Bc3 Rc2 47. Nb1
Rf2+ 48. Ke3 Re2+ 49. Kf4 Re4# 0-1

[Event "Michigan Open Reserve"]
[Site "Lansing, MI"]
[Date "2002.08.30"]
[Round "1.3"]
[White "Griffin, John"]
[Black "Gregory, Kevin"]
[Result "1/2-1/2"]
[WhiteElo "1500"]
[BlackElo "1770"]
[PlyCount "79"]
[EventDate "2002.08.30"]

1. d4 d5 2. c4 e6 3. Nf3 c6 4. e3 f5 5. Nbd2 Nf6 6. g3 Bd6 7. Bg2 O-O 8. O-O
Nbd7 9. b3 Ne4 10. Bb2 Qe7 11. c5 Bc7 12. Qc2 Ndf6 13. b4 a6 14. Nxe4 fxe4 15.
Ne5 Bd7 16. f4 Bxe5 17. fxe5 Ng4 18. Qe2 Qg5 19. Rf4 Rxf4 20. exf4 Qg6 21. Bh3
Nh6 22. Rf1 Rf8 23. Kf2 Be8 24. Ke1 Nf7 25. Qg4 Qxg4 26. Bxg4 Nd8 27. f5 exf5
28. Bxf5 Bf7 29. Bc8 Be6 30. Rxf8+ Kxf8 31. Bxe6 Nxe6 32. Ke2 Kf7 33. Ke3 Kg6
34. Bc3 Kh5 35. h3 Kg5 36. Be1 h5 37. a4 Kh6 38. Bf2 g5 39. Ke2 h4 40. Ke3
1/2-1/2

[Event "Michigan Open Reserve"]
[Site "Lansing, MI"]
[Date "2002.08.30"]
[Round "1.12"]
[White "Goetz, Robert"]
[Black "Vorhauer, Sam"]
[Result "1-0"]
[WhiteElo "1614"]
[BlackElo "1381"]
[PlyCount "69"]
[EventDate "2002.08.30"]

1. d4 d5 2. c4 e6 3. Nc3 dxc4 4. e3 Nf6 5. Bxc4 c6 6. Nge2 Bb4 7. O-O Bxc3 8.
bxc3 O-O 9. Ng3 Nbd7 10. f4 Nd5 11. Qc2 f5 12. e4 fxe4 13. Nxe4 N7f6 14. Bd3 g6
15. Bd2 Ng4 16. Rae1 b6 17. Ng5 Rf6 18. h3 Nh6 19. Ne4 Rf8 20. Ng5 Rf6 21. c4
Nc7 22. Bc3 Qe8 23. Be4 Rf8 24. d5 cxd5 25. cxd5 Bb7 26. Nxe6 Nxe6 27. dxe6
Bxe4 28. Qxe4 Qb5 29. e7 Rfe8 30. Qe6+ Nf7 31. Qf6 Qc5+ 32. Bd4 Qxd4+ 33. Qxd4
Rec8 34. Qd7 Nh6 35. Qxc8+ 1-0

[Event "Michigan Open"]
[Site "Lansing, MI"]
[Date "2002.08.30"]
[Round "1.7"]
[White "Farmand, Farnood"]
[Black "Bailey, Greg"]
[Result "0-1"]
[WhiteElo "1700"]
[BlackElo "1980"]
[PlyCount "110"]
[EventDate "2002.08.30"]

1. e4 e6 2. d4 d5 3. exd5 exd5 4. Nf3 Bd6 5. Bd3 Ne7 6. O-O O-O 7. Bg5 f6 8.
Be3 Bg4 9. Nbd2 Nf5 10. c4 Nxe3 11. fxe3 c6 12. Qc2 h6 13. e4 dxe4 14. Nxe4 Bf5
15. d5 cxd5 16. cxd5 Nd7 17. Kh1 Ne5 18. Nxe5 Bxe5 19. Qb3 Qb6 20. Qxb6 axb6
21. Nc3 Rfc8 22. h3 Bd7 23. Bg6 Kf8 24. Rf3 Ke7 25. Re1 Kd6 26. Ne4+ Kc7 27.
Nc3 Kd8 28. a3 Bxc3 29. Rxc3 Rxc3 30. bxc3 Rxa3 31. Rc1 Ke7 32. c4 Kd6 33. Rb1
Rg3 34. Be4 Kc5 35. Rc1 Re3 36. Bg6 Rg3 37. Be4 Kd4 38. Bf3 f5 39. Re1 Kxc4 40.
Re7 Ba4 41. d6 Rg6 42. d7 Rd6 43. Rxg7 Bxd7 44. Bxb7 b5 45. Bc8 Bxc8 46. Rc7+
Kd5 47. Rxc8 Rb6 48. Kg1 b4 49. Kf2 b3 50. Rc1 b2 51. Rb1 Ke4 52. Kg3 f4+ 53.
Kf2 Rb3 54. Ke2 Kd4 55. Kd2 Rg3 0-1

[Event "Michigan Open Booster"]
[Site "Lansing, MI"]
[Date "2002.08.30"]
[Round "1.1"]
[White "Droge-Germain, Kurtis"]
[Black "Mitchell, Dave"]
[Result "1/2-1/2"]
[WhiteElo "1168"]
[BlackElo "1314"]
[PlyCount "83"]
[EventDate "2002.08.30"]

1. e4 c6 2. d4 d5 3. e5 Bf5 4. Nd2 e6 5. Ndf3 Be7 6. c3 Nd7 7. Bd3 Bxd3 8. Qxd3
Rc8 9. Ne2 c5 10. O-O cxd4 11. Nfxd4 Nxe5 12. Qg3 Ng6 13. Nf4 Bd6 14. Qg4 Nf6
15. Qf3 Nxf4 16. Bxf4 O-O 17. Bg5 h6 18. Bh4 Be7 19. Bxf6 Bxf6 20. Qd3 Qb6 21.
Nb3 Rc7 22. Kh1 Rfc8 23. Rac1 d4 24. c4 Qa6 25. Nd2 b5 26. cxb5 Qxa2 27. Rxc7
Rxc7 28. Qa3 Qd5 29. Qg3 Rb7 30. b3 d3 31. Qe3 Qxb5 32. h3 Bg5 33. f4 Bf6 34.
Rf3 Rd7 35. Kh2 Bc3 36. Ne4 Qxb3 37. Nc5 Qc2 38. Nxd7 d2 39. Qxc3 Qxc3 40. Rxc3
d1=Q 41. Rc8+ Kh7 42. Nf8+ 1/2-1/2

[Event "Michigan Open Reserve"]
[Site "Lansing, MI"]
[Date "2002.08.30"]
[Round "1.7"]
[White "Cendrowski, Chris"]
[Black "Schey, Danny"]
[Result "0-1"]
[WhiteElo "1461"]
[BlackElo "1674"]
[PlyCount "110"]
[EventDate "2002.08.30"]

1. e4 c5 2. c3 Nf6 3. e5 Nd5 4. d4 e6 5. Nf3 b6 6. Bd3 Bb7 7. O-O cxd4 8. cxd4
Qc7 9. Bd2 Be7 10. Nc3 Nxc3 11. Bxc3 d6 12. Rc1 dxe5 13. Nxe5 Qd6 14. Qh5 g6
15. Bxg6 fxg6 16. Nxg6 Qd5 17. Qxd5 Bxd5 18. Nxh8 Nc6 19. b3 Bf6 20. Rfd1 Bxh8
21. Rd3 Kd7 22. Rh3 Be4 23. Rh4 Bf5 24. Rd1 Bf6 25. Rf4 Ne7 26. h3 Nd5 27. Rf3
Rc8 28. Ba1 h5 29. Kf1 h4 30. Re1 Rc2 31. a3 Ra2 32. b4 Rd2 33. Rb3 Bd3+ 34.
Kg1 Bc4 35. Rf3 Ra2 36. Rc1 Be2 37. Rb3 Bg5 38. Re1 Bc4 39. Rf3 Nf4 40. g3 hxg3
41. Rxg3 Ne2+ 42. Rxe2 Rxa1+ 43. Kg2 Bxe2 44. Rxg5 Rxa3 45. h4 Ke7 46. Re5 Bf3+
47. Kg1 Ra1+ 48. Kh2 Rh1+ 49. Kg3 Bd1 50. d5 Rg1+ 51. Kh2 Rg6 52. h5 Rh6 53. f4
Rxh5+ 54. Rxh5 Bxh5 55. Kg3 exd5 0-1

[Event "Michigan Open Reserve"]
[Site "Lansing, MI"]
[Date "2002.08.30"]
[Round "1.5"]
[White "Bailey, Dennis"]
[Black "West, Tony"]
[Result "0-1"]
[WhiteElo "1488"]
[BlackElo "1756"]
[PlyCount "64"]
[EventDate "2002.08.30"]

1. d4 d5 2. Nf3 Nf6 3. Bf4 e6 4. e3 Bd6 5. Bxd6 Qxd6 6. Be2 O-O 7. O-O Nc6 8.
c4 b6 9. Nc3 Bb7 10. Qd2 Rad8 11. Rac1 dxc4 12. Bxc4 e5 13. Rfd1 exd4 14. exd4
Na5 15. Be2 a6 16. Qd3 Rfe8 17. Rd2 Nc6 18. a3 Ne7 19. Bd1 Ng6 20. Ne2 Ne4 21.
Rdc2 c5 22. a4 cxd4 23. Nexd4 Nf4 24. Qf1 Nc5 25. Rc3 Qf6 26. g3 Nfd3 27. Rxd3
Nxd3 28. Qxd3 Bxf3 29. Bxf3 Rxd4 30. Qb3 Qd6 31. Rc6 Qd8 32. Rxb6 Rd3 0-1

[Event "Michigan Open"]
[Site "Lansing, MI"]
[Date "2002.08.31"]
[Round "3.10"]
[White "Zubatch, Steve"]
[Black "Santiago, Reynaldo"]
[Result "0-1"]
[WhiteElo "1811"]
[BlackElo "2000"]
[PlyCount "54"]
[EventDate "2002.08.30"]

1. e4 c5 2. Nf3 d6 3. d4 cxd4 4. Nxd4 Nf6 5. Nc3 a6 6. f3 e5 7. Nb3 Be7 8. Be3
Be6 9. Qd2 Nbd7 10. Be2 b5 11. a3 Rc8 12. O-O O-O 13. Rfd1 Nb6 14. Na5 Qc7 15.
Rac1 Rfd8 16. Kh1 d5 17. exd5 b4 18. axb4 Bxb4 19. Nc6 Bxc3 20. bxc3 Rxd5 21.
Bxb6 Qxc6 22. Qe3 Rxd1+ 23. Rxd1 Nd5 24. Qxe5 Qxb6 25. c4 Nf6 26. c5 Qa5 27.
Qd4 Nd7 0-1

[Event "Michigan Open Reserve"]
[Site "Lansing, MI"]
[Date "2002.08.31"]
[Round "1.26"]
[White "Wood, Jack"]
[Black "Aldrich, Justin"]
[Result "1-0"]
[WhiteElo "1450"]
[BlackElo "1610"]
[PlyCount "53"]
[EventDate "2002.08.30"]

1. c4 e5 2. Nc3 Nf6 3. e4 Nc6 4. Nge2 d6 5. d3 Be7 6. g3 Bg4 7. Bg2 Nd4 8. Qa4+
Bd7 9. Qd1 Nxe2 10. Qxe2 c6 11. O-O O-O 12. f4 Bg4 13. Bf3 Bxf3 14. Qxf3 exf4
15. gxf4 Qd7 16. f5 h6 17. Rf2 Nh7 18. Rg2 Kh8 19. Ne2 Ng5 20. Qh5 Qd8 21. Qg4
Bf6 22. Nf4 Rg8 23. Nh5 d5 24. Nxf6 Qxf6 25. Rg3 dxe4 26. Bxg5 Qxg5 27. Qxg5
1-0

[Event "Michigan Open"]
[Site "Lansing, MI"]
[Date "2002.08.31"]
[Round "3.12"]
[White "Williams, Ron"]
[Black "Bolda, Dan H"]
[Result "0-1"]
[WhiteElo "1955"]
[BlackElo "1795"]
[PlyCount "73"]
[EventDate "2002.08.30"]

1. c4 g6 2. Nc3 Bg7 3. g3 Nf6 4. Bg2 e5 5. e4 O-O 6. Nf3 d6 7. O-O Nc6 8. h3
Ne8 9. d3 h6 10. g4 Nd4 11. Nxd4 exd4 12. Ne2 Qh4 13. Bf4 Qe7 14. Qc1 g5 15.
Bg3 c5 16. f4 Bd7 17. Qd2 Rb8 18. Rf2 b5 19. b3 bxc4 20. bxc4 f6 21. Raf1 Qd8
22. Bh2 Qb6 23. Ng3 Qb4 24. Nh5 Rb6 25. Qe2 Qc3 26. e5 gxf4 27. Bd5+ Kh8 28.
Nxf4 dxe5 29. Ng6+ Kh7 30. Nxf8+ Bxf8 31. Bxe5 Bg7 32. Bf4 Ba4 33. Bf7 Nd6 34.
Bxd6 Rxd6 35. Qe4+ Kh8 36. Qa8+ Kh7 37. Qg8# 0-1

[Event "Michigan Open"]
[Site "Lansing, MI"]
[Date "2002.08.31"]
[Round "2.6"]
[White "Whitten, Jason"]
[Black "Katsuhara, Osamu"]
[Result "1-0"]
[WhiteElo "2169"]
[BlackElo "1790"]
[PlyCount "111"]
[EventDate "2002.08.30"]

1. e4 c5 2. Nf3 d6 3. d4 cxd4 4. Nxd4 Nf6 5. Nc3 a6 6. Be2 e6 7. Be3 Be7 8. g4
b5 9. g5 Nfd7 10. Rg1 Bb7 11. a3 Nb6 12. h4 N8d7 13. h5 Ne5 14. f4 Nec4 15. Bc1
e5 16. Nf5 Bf8 17. b3 Na5 18. Be3 g6 19. Nh6 Qc7 20. Qd2 Rc8 21. Nxb5 axb5 22.
Qxa5 Nd7 23. Qxc7 Rxc7 24. Bxb5 Rxc2 25. fxe5 Bg7 26. Rd1 Bxe5 27. Bd4 Bc6 28.
Bxc6 Rxc6 29. Ke2 gxh5 30. Rh1 f6 31. Rxh5 Bxd4 32. Rxd4 fxg5 33. Rxg5 Rc3 34.
Rb5 Rf8 35. Nf5 Nc5 36. Nxd6+ Ke7 37. Nf5+ Kf6 38. Kd2 Rxb3 39. Rxc5 Rxa3 40.
Ne3 Re8 41. Rd6+ Kf7 42. Rc7+ Re7 43. Rxe7+ Kxe7 44. Rh6 Ra2+ 45. Kd3 Ra3+ 46.
Kd4 Ra4+ 47. Nc4 Ra1 48. Rxh7+ Ke6 49. Rh6+ Ke7 50. Ke5 Rc1 51. Rh7+ Kf8 52.
Nd6 Rg1 53. Kf6 Rf1+ 54. Nf5 Ke8 55. e5 Rf2 56. e6 1-0

[Event "Michigan Open Reserve"]
[Site "Lansing, MI"]
[Date "2002.08.31"]
[Round "3.20"]
[White "Whatling, David"]
[Black "Swathell, Gary"]
[Result "0-1"]
[WhiteElo "1266"]
[BlackElo "1500"]
[PlyCount "151"]
[EventDate "2002.08.30"]

1. e4 d6 2. f4 e5 3. Nf3 Bg4 4. Be2 Bxf3 5. Bxf3 Nc6 6. c3 exf4 7. O-O Ne5 8.
d4 Nxf3+ 9. Qxf3 Nf6 10. Bxf4 Rb8 11. e5 dxe5 12. dxe5 Bc5+ 13. Kh1 Nd7 14. Bg3
O-O 15. Nd2 Bb6 16. Rad1 Qe7 17. Rfe1 Rbd8 18. Qxb7 Nc5 19. Qf3 Rd3 20. Re3
Rfd8 21. Rxd3 Rxd3 22. Qf4 Ne6 23. Qg4 Qd7 24. Qe2 Be3 25. Be1 Nf4 26. Qf3 h6
27. Qf1 Kh7 28. g3 Ng6 29. Qg2 Nxe5 30. b4 g6 31. Qe4 Qd5 32. Qxd5 Rxd5 33. Kg2
Nd3 34. Kf1 Nb2 35. Rb1 Nd3 36. Ne4 Rf5+ 37. Ke2 Nxe1 38. Kxe3 Nc2+ 39. Kd3 Na3
40. Re1 Rd5+ 41. Ke2 Kg7 42. Nc5 a5 43. Kf2 axb4 44. cxb4 Nb5 45. a4 Nd6 46. a5
Nc8 47. Re7 Nxe7 48. a6 Nc8 49. Ke3 Na7 50. Ke4 c6 51. Nd3 f5+ 52. Ke3 Kf6 53.
Ne1 Rd1 54. Nd3 Rxd3+ 55. Kxd3 Ke6 56. Kc4 Kd6 57. Kd4 g5 58. Kd3 Kd5 59. h3 h5
60. h4 gxh4 61. gxh4 f4 62. Kd2 Kc4 63. Ke2 Kxb4 64. Kf3 c5 65. Kxf4 c4 66. Ke3
Kc3 67. Kf4 Kd2 68. Kg5 c3 69. Kxh5 c2 70. Kg6 c1=Q 71. h5 Qc6+ 72. Kg7 Qxa6
73. h6 Qb7+ 74. Kg8 Qd5+ 75. Kg7 Qd7+ 76. Kh8 {Remainder illegible, 89?} 0-1

[Event "Michigan Open Reserve"]
[Site "Lansing, MI"]
[Date "2002.08.31"]
[Round "2.3"]
[White "West, Tony"]
[Black "Goetz, Robert"]
[Result "1-0"]
[WhiteElo "1756"]
[BlackElo "1614"]
[Annotator "Tim McGrew"]
[PlyCount "43"]
[EventDate "2002.08.30"]

{Italian} 1. e4 e5 2. Nf3 Nc6 3. Bc4 Bc5 4. O-O $5 {This slightly unusual move
is perfectly sound. It was a favorite of the beloved American GM George
Koltanowski, who would trot it out in almost every simultaneous exhibition.} d6
5. c3 {Sensibly aiming to build a big center.} Be6 6. Bxe6 fxe6 7. d4 exd4 8.
cxd4 Bb6 9. Bg5 ({White can try to force matters immediately with} 9. d5 $5
exd5 10. exd5 Nce7 (10... Ne5 $2 {drops a pawn to} 11. Nxe5 dxe5 12. Qh5+ Kf8
13. Qxe5 $18) 11. Ng5 {, but it isn't clear that the e6 square is worth all of
the lost time after, e.g.,} Nf6 12. Ne6 Qd7 13. Nxg7+ Kf7 14. Nh5 Nfxd5 {White
would rather have his queen-side pieces off of the back rank now, and the
Black king is surprisingly hard to attack with just the queen and the knight.})
9... Qd7 10. Re1 h6 11. Be3 O-O-O 12. Nc3 d5 13. exd5 exd5 14. a4 Nge7 (14...
Ba5 $5 {would slow the White attack by gripping the key b4 square.}) 15. b4 a6
$2 {There are some patterns not documented in the fat books of advice to
beginners even though every experienced player knows them. This is one of them.
} ({Nineteen times out of twenty, the proper reaction to a pawn avalanche like
this is} 15... a5 $1 {The point is that exchanging on a5 leaves Black with
decent piece control of key queen-side squares} 16. bxa5 Nxa5 {with ...Nc4 in
the offing.}) (15... a5 {Whereas bypassing with} 16. b5 {locks the queen-side
and stalls White's attack there, giving Black time to redeploy his knight via
b8 through d7 to f6. By contrast, the Black pawn on a6 invites b5 when lines
open unfavorably on the queen-side.}) 16. a5 (16. b5 $1 {is also very strong
right away.}) 16... Ba7 17. b5 $1 axb5 18. Nxb5 Nf5 19. a6 {Oh dear. What
Black would give to have all of these open lines plugged back up!} bxa6 20.
Rxa6 Bb6 21. Qa4 Nxe3 22. Ra8+ 1-0

[Event "Michigan Open Reserve"]
[Site "Lansing, MI"]
[Date "2002.08.31"]
[Round "3.18"]
[White "West, Aaron"]
[Black "Carr, Jay"]
[Result "0-1"]
[WhiteElo "1427"]
[BlackElo "1600"]
[PlyCount "45"]
[EventDate "2002.08.30"]

1. e4 c5 2. Nf3 Nf6 3. Nc3 d5 4. Bb5+ Bd7 5. Bxd7+ Qxd7 6. exd5 Nxd5 7. O-O e6
8. Re1 Nc6 9. Ne5 Nxe5 10. Rxe5 O-O-O 11. d3 Qc7 12. Nxd5 Qxe5 13. Nc3 Bd6 14.
g3 a6 15. Ne4 Qd5 16. c4 Qc6 17. a3 Be5 18. Qe2 h6 19. Be3 Bd4 20. Bf4 e5 21.
Bd2 Rde8 22. Bc3 f5 23. Nd2 0-1

[Event "Michigan Open Reserve"]
[Site "Lansing, MI"]
[Date "2002.08.31"]
[Round "2.12"]
[White "Vorhauer, Sam"]
[Black "Grzegorczyk, Ron"]
[Result "1/2-1/2"]
[WhiteElo "1381"]
[BlackElo "1579"]
[PlyCount "144"]
[EventDate "2002.08.30"]

1. d4 d5 2. Nf3 e6 3. e3 Nf6 4. Bd3 Be7 5. Nbd2 a6 6. b3 Nbd7 7. Bb2 b5 8. O-O
Bb7 9. c3 O-O 10. Re1 g6 11. Qc2 Rc8 12. Rac1 Kg7 13. Qb1 Ne8 14. e4 dxe4 15.
Bxe4 Bxe4 16. Nxe4 Nd6 17. Nc5 Nxc5 18. dxc5 Nf5 19. c4+ Bf6 20. Rcd1 Qe7 21.
Bxf6+ Qxf6 22. Ne5 Rfd8 23. Nd7 Qe7 24. c6 bxc4 25. bxc4 f6 26. Qb2 e5 27. Qc3
Qe6 28. Nc5 Qxc6 29. Nd3 Kf7 30. Nb4 Qe6 31. Nd5 c6 32. Nc7 Qe7 33. Nxa6 Rxd1
34. Rxd1 Nd4 35. Kh1 c5 36. Qa5 Ra8 37. Qb6 Qa7 38. Qxa7+ Rxa7 39. Nxc5 Rxa2
40. Nb7 Rxf2 41. Kg1 Rc2 42. c5 Ke7 43. h3 Kd7 44. Rb1 Kc7 45. Nd6 Kc6 46. Rb8
Rxc5 47. Ne4 Rc1+ 48. Kh2 Kc7 49. Ra8 Kb7 50. Ra2 f5 51. Rb2+ Kc7 52. Nf6 h6
53. Ra2 Rc6 54. Ra7+ Kb6 55. Rf7 Kb5 56. Nd5 Kc4 57. Nf6 e4 58. Nd7 Kc3 59. Nf6
g5 60. Nd5+ Kc4 61. Ne3+ Kd3 62. Nxf5 Nxf5 63. Rxf5 e3 64. Rd5+ Ke2 65. Kg3 Rf6
66. Ra5 Rf4 67. Ra2+ Kd3 68. Ra3+ Ke4 69. Ra4+ Kf5 70. Ra5+ Kg6 71. Re5 h5 72.
Rxe3 h4+ 1/2-1/2

[Event "Michigan Open"]
[Site "Lansing, MI"]
[Date "2002.08.31"]
[Round "3.4"]
[White "Viswanathan, Kartik"]
[Black "Fischvogt, Eric"]
[Result "0-1"]
[WhiteElo "2148"]
[BlackElo "2258"]
[PlyCount "108"]
[EventDate "2002.08.30"]

{Queen's Gambit Declined: Exchange} 1. d4 d5 2. c4 e6 3. cxd5 exd5 4. Nc3 Nf6
5. Bf4 c6 6. e3 Bf5 7. Qb3 Qb6 8. Nf3 Nbd7 9. Be2 Nh5 10. Bg3 Nxg3 11. hxg3 Bd6
12. Nh4 Qxb3 13. axb3 Bc2 14. Bd1 Bxd1 15. Kxd1 g6 16. g4 a6 17. g5 O-O-O 18.
Kd2 Nf8 19. f4 Ne6 20. Nf3 Rdf8 21. Ne2 f6 22. gxf6 Rxf6 23. Ne5 Rff8 24. Rh3
Bxe5 25. dxe5 Nc5 26. Kc2 h5 27. Nc3 g5 28. g3 gxf4 29. gxf4 Rfg8 30. Rah1 Rg2+
31. Kb1 Nd3 32. Nd1 Rd2 33. R3h2 Rxh2 34. Rxh2 Kd7 35. Rd2 Nc5 36. Rg2 Ke6 37.
Nf2 h4 38. Nh3 Kf5 39. Nf2 Ne4 40. Nh3 Ng3 41. Nf2 d4 42. exd4 Kxf4 43. Nh3+
Kg4 44. Ng1 h3 45. Nxh3 Rxh3 46. Rd2 Kf5 47. d5 Ne4 48. Rd1 cxd5 49. Rxd5 Rxb3
50. Ka2 Rb6 51. Ka3 Ke6 52. Ra5 Nd2 53. Rc5 Nf3 54. b4 Nxe5 0-1

[Event "Michigan Open"]
[Site "Lansing, MI"]
[Date "2002.08.31"]
[Round "3.5"]
[White "Vandivier, Don"]
[Black "Karakus, Köksal"]
[Result "1-0"]
[WhiteElo "1963"]
[BlackElo "1918"]
[Annotator "Don Vandivier"]
[PlyCount "49"]
[EventDate "2002.08.30"]

{Sicilian: Dragon (Levenfish)} 1. e4 c5 2. Nf3 d6 3. d4 cxd4 4. Nxd4 Nf6 5. Nc3
g6 6. f4 Nc6 7. Be2 Bg7 8. Be3 O-O 9. Qd2 e5 $6 ({The book line is} 9... Ng4
10. Bxg4 Bxg4 11. O-O Nxd4 12. Bxd4 e5 13. Be3 exf4 14. Rxf4 Be6 15. Rf2 Be5 {
with an even position.}) 10. Nxc6 bxc6 11. O-O-O exf4 12. Bxf4 d5 $5 {My
opponent also plays aggressive. I must be extremely careful with the b-file
open against my king and the Black bishop bearing down on b2.} 13. exd5 cxd5
14. Bh6 $1 {Once I eliminate this bishop I can win the weak d-pawn at my
leisure.} (14. Nxd5 $4 Nxd5 15. Qxd5 Qf6) 14... Bh8 $2 {The exchange sacrifice
is often good for Black once he has good development... but he doesn't, and I
won't allow his queen to come back in the game.} 15. Bxf8 Qxf8 16. Nxd5 Nxd5
17. Qxd5 Be6 18. Qd6 Qc8 19. Ba6 {If I get the queens off, the exchange and
pawn up will win.} Qe8 20. Rhe1 Rb8 21. b3 Bf6 22. Bc4 Be7 $2 23. Rxe6 $1 {A
CRUSHING move!} fxe6 24. Qxe6+ Kg7 25. Rd7 1-0

[Event "Michigan Open Booster"]
[Site "Lansing, MI"]
[Date "2002.08.31"]
[Round "3.6"]
[White "Thach, Scott"]
[Black "Li, Derek"]
[Result "0-1"]
[WhiteElo "1141"]
[BlackElo "1305"]
[PlyCount "122"]
[EventDate "2002.08.30"]

1. e4 c5 2. c3 Nf6 3. e5 Nd5 4. Nf3 Nc6 5. d4 cxd4 6. cxd4 e6 7. a3 Be7 8. Bd2
Qb6 9. Bc1 O-O 10. Be2 f6 11. Nc3 Nxc3 12. bxc3 fxe5 13. dxe5 Qc7 14. Bg5 Bxg5
15. Nxg5 Nxe5 16. Qc2 g6 17. h4 Qc5 18. f3 d5 19. h5 Qd6 20. hxg6 hxg6 21. Rh3
Rf5 22. Qd2 Qc7 23. O-O-O Rxg5 24. Rdh1 Rh5 25. Rxh5 gxh5 26. Rxh5 Ng6 27. Kc2
Qf4 28. Qd3 Qf6 29. g3 Ne5 30. Qh7+ Kf8 31. g4 Qg6+ 32. Qxg6 Nxg6 33. Rh7 Kg8
34. Rc7 Ne5 35. Bd1 Nf7 36. f4 Kg7 37. g5 Kg6 38. Kd3 e5 39. Ke3 exf4+ 40. Kxf4
Nxg5 41. Bc2+ Kf6 42. Bb3 Ne6+ 43. Ke3 Nxc7 44. Kd4 Bh3 45. Bxd5 Nxd5 46. Kxd5
Rc8 47. Kd4 Ke6 48. c4 b6 49. a4 Bf1 50. Kc3 Rxc4+ 51. Kb3 Kd5 52. Ka3 a5 53.
Kb3 Kd4 54. Ka3 Rb4 55. Ka2 Kc3 56. Ka3 Be2 57. Ka2 Bd1 58. Ka1 Bxa4 59. Ka2
Be8 60. Ka1 Kc2 61. Ka2 Ra4# 0-1

[Event "Michigan Open Booster"]
[Site "Lansing, MI"]
[Date "2002.08.31"]
[Round "2.25"]
[White "Thach, Scott"]
[Black "Cox, Daniel"]
[Result "1-0"]
[WhiteElo "1141"]
[BlackElo "912"]
[PlyCount "59"]
[EventDate "2002.08.30"]

1. e4 e5 2. Nf3 Nc6 3. d4 exd4 4. Nxd4 Nf6 5. Nxc6 bxc6 6. Bd3 Bc5 7. Bg5 Be7
8. Nc3 O-O 9. Qd2 Ng4 10. Bxe7 Qxe7 11. f3 Ne5 12. O-O-O Nxd3+ 13. Qxd3 d6 14.
Kb1 a5 15. Qc4 c5 16. Nd5 Qd8 17. e5 Be6 18. Qe2 Bxd5 19. Rxd5 Qd7 20. Rhd1 Qe6
21. Qe4 f6 22. exd6 Qxe4 23. fxe4 cxd6 24. Rxd6 Rfc8 25. c4 a4 26. Rb6 Kf7 27.
Rd7+ Kf8 28. Rbb7 Ke8 29. Rxg7 Rd8 30. Rg8# 1-0

[Event "Michigan Open Reserve"]
[Site "Lansing, MI"]
[Date "2002.08.31"]
[Round "2.33"]
[White "Swathell, Gary"]
[Black "Guilfoyle, Jeff"]
[Result "1/2-1/2"]
[WhiteElo "1500"]
[BlackElo "1353"]
[PlyCount "114"]
[EventDate "2002.08.30"]

1. Nf3 c5 2. c4 d6 3. Nc3 Nf6 4. g3 g6 5. Bg2 Bg7 6. O-O O-O 7. d4 cxd4 8. Nxd4
Qc7 9. b3 a6 10. Bd2 Nc6 11. Nxc6 bxc6 12. Rc1 Bb7 13. Be3 c5 14. Nd5 Nxd5 15.
cxd5 Qd7 16. Qd2 Rfe8 17. Rfd1 a5 18. h4 Qb5 19. h5 Qb4 20. hxg6 fxg6 21. Qc2
a4 22. Bd2 axb3 23. axb3 Qg4 24. Bc3 Bxc3 25. Bf3 Qb4 26. Qxc3 Qxc3 27. Rxc3
Ra2 28. Rb1 Rea8 29. b4 cxb4 30. Rxb4 Ba6 31. Re3 Kf7 32. Rbe4 Re8 33. Bg4 Bb5
34. Be6+ Kg7 35. Bg4 Ra7 36. Be6 Bd7 37. Kg2 Bxe6 38. dxe6 Rf8 39. Rb3 Rf5 40.
f4 h5 41. Kf3 Rfa5 42. e3 Kf6 43. Rb8 Ra8 44. Rbb4 Kf5 45. Rb7 Kf6 46. Rbb4 Kf5
47. Rbc4 Ra1 48. Red4 R8a2 49. e4+ Kxe6 50. f5+ Kf6 51. fxg6 Ra3+ 52. Ke2 Kxg6
53. Rc2 Rxg3 54. Rd3 Rxd3 55. Kxd3 Rf1 56. Rg2+ Kf6 57. Ke2 Ra1 {Remainder
illegible, 59?} 1/2-1/2